[Event "ODJM A 2022"]
[Site "Willingen GER"]
[Date "2022.06.07"]
[Round "4"]
[White "Kliashtornyi, Arkadii"]
[Black "Kotyk, Michael"]
[Result "1-0"]
[Termination "normal"]
[Board "19"]
[WhiteElo "1755"]
[BlackElo "2197"]
[WhiteClock "00:08:51"]
[BlackClock "00:10:42"]
[PlyCount "88"]
[WhiteFideId "34119698"]
[BlackFideId "16214501"]
[EventCountry "GER"]
[EventRounds "9"]
[EventType "swiss"]
[EventDate "2022.06.04"]

1. d4 {[%clk 1:30:57]} d5 {[%clk 1:30:54]} 2. Nf3 {[%clk 1:31:22]} Nf6 {[%clk
1:31:20]} 3. g3 {[%clk 1:31:43]} e6 {[%clk 1:31:46]} 4. Bg2 {[%clk 1:32:08]} b5
{[%clk 1:32:10]} 5. O-O {[%clk 1:30:56]} Be7 {[%clk 1:32:01]} 6. b3 {[%clk
1:26:24]} Bb7 {[%clk 1:32:17]} 7. Ne5 {[%clk 1:20:41]} b4 {[%clk 1:29:37]} 8.
c4 {[%clk 1:15:01]} bxc3 {[%clk 1:30:00]} 9. Nxc3 {[%clk 1:15:23]} O-O {[%clk
1:29:14]} 10. Bb2 {[%clk 1:07:18]} Nfd7 {[%clk 1:23:10]} 11. Nxd7 {[%clk
1:04:06]} Nxd7 {[%clk 1:23:24]} 12. Rc1 {[%clk 1:02:50]} Rc8 {[%clk 1:21:51]}
13. Na4 {[%clk 0:59:23]} Bf6 {[%clk 0:58:37]} 14. Qd2 {[%clk 0:55:07]} Re8
{[%clk 0:47:05]} 15. Nc5 {[%clk 0:47:59]} Nxc5 {[%clk 0:47:12]} 16. Rxc5 {[%clk
0:47:59]} Qd6 {[%clk 0:43:53]} 17. Rfc1 {[%clk 0:43:44]} Qb6 {[%clk 0:41:39]}
18. e3 {[%clk 0:28:28]} Be7 {[%clk 0:41:46]} 19. R5c2 {[%clk 0:28:06]} f6
{[%clk 0:29:31]} 20. Bc3 {[%clk 0:24:10]} Ba3 {[%clk 0:28:47]} 21. Bb2 {[%clk
0:22:01]} Bd6 {[%clk 0:24:29]} 22. Bc3 {[%clk 0:18:23]} Ba3 {[%clk 0:18:05]}
23. Bb2 {[%clk 0:18:15]} Bd6 {[%clk 0:18:02]} 24. Bc3 {[%clk 0:18:39]} Qb5
{[%clk 0:18:29]} 25. Bf1 {[%clk 0:13:20]} Qd7 {[%clk 0:18:58]} 26. Bb4 {[%clk
0:13:34]} e5 {[%clk 0:18:22]} 27. Bxd6 {[%clk 0:13:47]} Qxd6 {[%clk 0:18:42]}
28. Bh3 {[%clk 0:12:43]} Rcd8 {[%clk 0:16:45]} 29. Rxc7 {[%clk 0:13:06]} Qb6
{[%clk 0:15:56]} 30. Qc3 {[%clk 0:09:45]} Rb8 {[%clk 0:11:25]} 31. Qc5 {[%clk
0:09:58]} Qxc5 {[%clk 0:11:05]} 32. dxc5 {[%clk 0:08:52]} d4 {[%clk 0:07:59]}
33. c6 {[%clk 0:07:45]} Bc8 {[%clk 0:08:10]} 34. Bxc8 {[%clk 0:07:30]} Rexc8
{[%clk 0:08:39]} 35. Rxa7 {[%clk 0:07:31]} Rb6 {[%clk 0:08:19]} 36. exd4 {[%clk
0:05:57]} exd4 {[%clk 0:08:10]} 37. Rd7 {[%clk 0:06:14]} Rcxc6 {[%clk 0:08:18]}
38. Rxc6 {[%clk 0:06:39]} Rxc6 {[%clk 0:08:42]} 39. Rxd4 {[%clk 0:07:07]} Rc2
{[%clk 0:09:05]} 40. a4 {[%clk 0:07:11]} Rb2 {[%clk 0:09:31]} 41. Rb4 {[%clk
0:07:37]} Kf7 {[%clk 0:09:55]} 42. a5 {[%clk 0:08:02]} Ke6 {[%clk 0:10:20]} 43.
a6 {[%clk 0:08:26]} Ra2 {[%clk 0:10:42]} 44. Ra4 {[%clk 0:08:51]} Kd5 1-0

[Event "ODJM A 2022"]
[Site "Willingen GER"]
[Date "2022.06.07"]
[Round "4"]
[White "Pick, Max"]
[Black "Savchenko, Daniel"]
[Result "1/2-1/2"]
[Termination "normal"]
[Board "20"]
[WhiteElo "1841"]
[BlackElo "2134"]
[WhiteClock "00:01:36"]
[BlackClock "00:03:41"]
[PlyCount "68"]
[WhiteFideId "16210883"]
[BlackFideId "12919195"]
[EventCountry "GER"]
[EventRounds "9"]
[EventType "swiss"]
[EventDate "2022.06.04"]

1. d4 {[%clk 1:30:58]} d5 {[%clk 1:30:53]} 2. Nf3 {[%clk 1:31:22]} Nf6 {[%clk
1:31:17]} 3. Bf4 {[%clk 1:31:42]} e6 {[%clk 1:31:27]} 4. e3 {[%clk 1:32:01]}
Be7 {[%clk 1:25:27]} 5. Bd3 {[%clk 1:30:41]} O-O {[%clk 1:25:09]} 6. Nbd2
{[%clk 1:30:09]} b6 {[%clk 1:25:03]} 7. O-O {[%clk 1:27:19]} Nbd7 {[%clk
1:23:32]} 8. Ne5 {[%clk 1:26:38]} Bb7 {[%clk 1:23:17]} 9. Bb5 {[%clk 1:13:14]}
Nxe5 {[%clk 1:17:33]} 10. dxe5 {[%clk 1:08:26]} Ne8 {[%clk 1:08:02]} 11. Bd3
{[%clk 1:02:13]} f5 {[%clk 1:05:04]} 12. g4 {[%clk 0:45:16]} g5 {[%clk
1:01:05]} 13. gxf5 {[%clk 0:43:48]} exf5 {[%clk 1:00:06]} 14. Bg3 {[%clk
0:43:13]} Ng7 {[%clk 0:58:57]} 15. h3 {[%clk 0:31:58]} Qd7 {[%clk 0:52:57]} 16.
f4 {[%clk 0:27:20]} c5 {[%clk 0:49:34]} 17. Kh1 {[%clk 0:21:33]} Kh8 {[%clk
0:47:20]} 18. Be2 {[%clk 0:21:18]} Rad8 {[%clk 0:39:40]} 19. Bf3 Ne6 {[%clk
0:39:26]} 20. Qe2 {[%clk 0:17:43]} d4 {[%clk 0:34:10]} 21. Rad1 {[%clk
0:15:55]} gxf4 {[%clk 0:25:15]} 22. exf4 {[%clk 0:15:26]} Rg8 {[%clk 0:24:16]}
23. Rg1 {[%clk 0:13:10]} b5 {[%clk 0:19:22]} 24. Qd3 {[%clk 0:08:13]} Rdf8
{[%clk 0:19:03]} 25. b4 {[%clk 0:06:31]} a6 {[%clk 0:16:46]} 26. c3 {[%clk
0:06:25]} Qc8 {[%clk 0:12:47]} 27. cxd4 {[%clk 0:05:24]} Nxd4 {[%clk 0:12:46]}
28. Bxb7 {[%clk 0:04:15]} Qxb7+ {[%clk 0:13:07]} 29. Bf2 {[%clk 0:04:12]} Ne6+
{[%clk 0:09:09]} 30. Be3 {[%clk 0:04:11]} Rg6+ {[%clk 0:07:02]} 31. Qe2 {[%clk
0:01:57]} Rfg8+ {[%clk 0:06:01]} 32. Qf3 {[%clk 0:01:57]} Qc7 {[%clk 0:04:16]}
33. Qh5 {[%clk 0:01:40]} Ng7 {[%clk 0:04:12]} 34. Qf3 {[%clk 0:01:36]} Ne6
{[%clk 0:03:41]} 1/2-1/2

[Event "ODJM A 2022"]
[Site "Willingen GER"]
[Date "2022.06.07"]
[Round "4"]
[White "Garbuz, Nicole"]
[Black "Dornieden, Jonas"]
[Result "0-1"]
[Termination "normal"]
[Board "21"]
[WhiteElo "1824"]
[BlackElo "2069"]
[WhiteClock "00:00:50"]
[BlackClock "00:01:12"]
[PlyCount "78"]
[WhiteFideId "12990701"]
[BlackFideId "1336460"]
[EventCountry "GER"]
[EventRounds "9"]
[EventType "swiss"]
[EventDate "2022.06.04"]

1. e4 {[%clk 1:30:59]} c5 {[%clk 1:30:54]} 2. d4 {[%clk 1:31:15]} cxd4 {[%clk
1:31:18]} 3. c3 {[%clk 1:31:42]} dxc3 {[%clk 1:31:43]} 4. Nxc3 {[%clk 1:32:08]}
e6 {[%clk 1:31:59]} 5. Bc4 {[%clk 1:32:17]} Nc6 {[%clk 1:32:22]} 6. Nf3 {[%clk
1:32:31]} Bb4 {[%clk 1:32:47]} 7. O-O {[%clk 1:28:55]} Nge7 {[%clk 1:33:05]} 8.
Bg5 {[%clk 1:17:45]} h6 {[%clk 1:32:35]} 9. Be3 {[%clk 1:15:05]} O-O {[%clk
1:22:27]} 10. Rc1 {[%clk 1:12:08]} Ng6 {[%clk 1:11:57]} 11. Bb3 {[%clk
1:04:28]} b6 {[%clk 1:04:18]} 12. Qe2 {[%clk 1:01:00]} Bb7 {[%clk 0:59:47]} 13.
Rfd1 {[%clk 1:01:08]} Qe7 {[%clk 0:59:08]} 14. a3 {[%clk 0:50:20]} Bxc3 {[%clk
0:57:58]} 15. Rxc3 {[%clk 0:50:40]} Rfd8 {[%clk 0:52:59]} 16. Ba4 {[%clk
0:42:18]} Rac8 {[%clk 0:49:38]} 17. Rdc1 {[%clk 0:27:33]} Qe8 {[%clk 0:46:48]}
18. b4 {[%clk 0:25:33]} Nce7 {[%clk 0:44:51]} 19. Rc7 {[%clk 0:24:47]} Bxe4
{[%clk 0:35:48]} 20. Rxa7 {[%clk 0:22:02]} Rxc1+ {[%clk 0:35:29]} 21. Bxc1
{[%clk 0:22:27]} Bc6 {[%clk 0:25:32]} 22. b5 {[%clk 0:13:43]} Bxf3 {[%clk
0:23:42]} 23. Qxf3 {[%clk 0:14:06]} d5 {[%clk 0:20:49]} 24. Qd3 {[%clk
0:11:05]} Ra8 {[%clk 0:16:37]} 25. Rxa8 {[%clk 0:11:23]} Qxa8 {[%clk 0:17:03]}
26. Bc2 {[%clk 0:10:06]} Qd8 {[%clk 0:14:37]} 27. a4 {[%clk 0:08:16]} e5 {[%clk
0:13:49]} 28. Qe3 {[%clk 0:04:05]} f5 {[%clk 0:07:46]} 29. Bb2 {[%clk 0:03:08]}
d4 {[%clk 0:06:57]} 30. Qg3 {[%clk 0:02:01]} Nf4 {[%clk 0:05:19]} 31. Kf1
{[%clk 0:02:03]} Kh8 {[%clk 0:04:37]} 32. Bc1 {[%clk 0:01:28]} d3 {[%clk
0:03:27]} 33. Bd1 {[%clk 0:01:46]} Neg6 {[%clk 0:02:16]} 34. Qe3 {[%clk
0:01:17]} Qd5 {[%clk 0:01:21]} 35. Bf3 {[%clk 0:01:23]} Qc4 {[%clk 0:01:20]}
36. Qd2 {[%clk 0:00:52]} e4 {[%clk 0:01:13]} 37. Bd1 {[%clk 0:01:06]} Nd5
{[%clk 0:01:29]} 38. Bb2 {[%clk 0:01:00]} f4 {[%clk 0:01:25]} 39. Bh5 {[%clk
0:00:50]} e3 {[%clk 0:01:12]} 0-1

[Event "ODJM A 2022"]
[Site "Willingen GER"]
[Date "2022.06.07"]
[Round "4"]
[White "Fuchs, Florian"]
[Black "Kamp, Aaron"]
[Result "1-0"]
[Termination "normal"]
[Board "23"]
[WhiteElo "1920"]
[BlackElo "1790"]
[PlyCount "87"]
[WhiteFideId "16213351"]
[BlackFideId "16231120"]
[EventCountry "GER"]
[EventRounds "9"]
[EventType "swiss"]
[EventDate "2022.06.04"]

1. e4 c5 2. Nf3 d6 3. d4 cxd4 4. Nxd4 Nf6 5. f3 g6 6. c4 Bg7 7. Nc3 O-O 8. Be3
Nc6 9. Qd2 Bd7 10. Be2 Rc8 11. O-O a6 12. Rac1 Re8 13. Rfd1 Qa5 14. a3 Nxd4 15.
Bxd4 Nh5 16. Be3 Be6 17. g4 Bxc3 18. Rxc3 Nf6 19. Bd4 b5 20. cxb5 Rxc3 21. Bxc3
Qa4 22. bxa6 Ra8 23. g5 Nd7 24. Qd4 Qxd4+ 25. Bxd4 Nb8 26. b4 Nxa6 27. b5 Nc5
28. Bxc5 dxc5 29. b6 Rb8 30. Rb1 Bd7 31. Bd1 Bc8 32. a4 Ba6 33. a5 c4 34. Be2
Kg7 35. Rb4 Ra8 36. Bxc4 Bxc4 37. Rxc4 Rxa5 38. Rb4 Ra8 39. Kf2 Kf8 40. Ke3 e5
41. Kd3 Ke7 42. Kc4 Kd7 43. b7 Rb8 44. Kd5 1-0

[Event "ODJM A 2022"]
[Site "Willingen GER"]
[Date "2022.06.07"]
[Round "4"]
[White "Schwartz, Oliver"]
[Black "Noever, Niklas"]
[Result "1/2-1/2"]
[Termination "normal"]
[Board "24"]
[WhiteElo "1753"]
[BlackElo "1869"]
[PlyCount "77"]
[WhiteFideId "16207459"]
[BlackFideId "12988642"]
[EventCountry "GER"]
[EventRounds "9"]
[EventType "swiss"]
[EventDate "2022.06.04"]

1. d4 Nf6 2. c4 e6 3. Nf3 c5 4. d5 exd5 5. cxd5 d6 6. Nc3 Be7 7. e4 Bg4 8. Be2
Nbd7 9. O-O O-O 10. Re1 Bxf3 11. Bxf3 Ne5 12. Be2 a6 13. a4 Ne8 14. f4 Ng6 15.
Bg4 Bf6 16. Kh1 Nc7 17. a5 Nb5 18. Bd2 Nd4 19. Na4 Qe8 20. Nb6 Rd8 21. g3 Qb5
22. Bc3 Rfe8 23. Qb1 Re7 24. Ra4 Rc7 25. Rc4 Nb3 26. e5 Nxa5 27. Ra4 Nb3 28.
exf6 Qxb6 29. fxg7 c4 30. Qe4 Re7 31. Qxc4 Rxe1+ 32. Bxe1 Qe3 33. Qc3 Re8 34.
Qxe3 Rxe3 35. Bc3 Nc5 36. Ra1 Ne4 37. Be1 Rxe1+ 38. Rxe1 Nf2+ 39. Kg2 1/2-1/2

[Event "ODJM A 2022"]
[Site "Willingen GER"]
[Date "2022.06.07"]
[Round "4"]
[White "Sabirov, Rafael"]
[Black "Hoffmann, Kay"]
[Result "1-0"]
[Termination "normal"]
[Board "25"]
[WhiteElo "1704"]
[BlackElo "1607"]
[PlyCount "67"]
[WhiteFideId "16241185"]
[BlackFideId "16227000"]
[EventCountry "GER"]
[EventRounds "9"]
[EventType "swiss"]
[EventDate "2022.06.04"]

1. e4 c5 2. Nc3 Nc6 3. Bb5 Nd4 4. Bc4 g6 5. Nf3 Bg7 6. Nxd4 cxd4 7. Qf3 e6 8.
Nb5 Qb6 9. Qg3 e5 10. Qa3 Bf8 11. Qb3 Nh6 12. d3 f5 13. a4 a6 14. Na3 Qxb3 15.
Bxb3 b5 16. O-O fxe4 17. dxe4 Nf7 18. f4 Bb7 19. fxe5 Nxe5 20. Bf4 Ng4 21. axb5
Ne3 22. Bxe3 dxe3 23. bxa6 Bxa6 24. Nc4 Bc5 25. Rfe1 d5 26. Nxe3 dxe4 27. Bd5
Ra7 28. Kh1 Rf8 29. Bxe4 Re7 30. Nd5 Bf2 31. Bxg6+ hxg6 32. Rxe7+ Kd8 33. Rxa6
Ba7 34. g3 1-0

[Event "ODJM A 2022"]
[Site "Willingen GER"]
[Date "2022.06.07"]
[Round "4"]
[White "Özdemir, Edwin-Daniel"]
[Black "Scherer, Josua"]
[Result "0-1"]
[Termination "normal"]
[Board "26"]
[WhiteElo "1718"]
[BlackElo "1856"]
[PlyCount "30"]
[WhiteFideId "12919055"]
[BlackFideId "16244486"]
[EventCountry "GER"]
[EventRounds "9"]
[EventType "swiss"]
[EventDate "2022.06.04"]

1. c4 e6 2. Nf3 d5 3. e3 Nf6 4. Nc3 c5 5. cxd5 exd5 6. d4 Nc6 7. Be2 cxd4 8.
Nxd4 Bc5 9. Nxc6 bxc6 10. O-O O-O 11. a3 a5 12. Rb1 Rb8 13. Qc2 Qc7 14. Rd1 Ng4
15. h3 Qh2+ 0-1

[Event "ODJM A 2022"]
[Site "Willingen GER"]
[Date "2022.06.07"]
[Round "4"]
[White "Matthes, Benjamin"]
[Black "Schulz, Jannis"]
[Result "0-1"]
[Termination "normal"]
[Board "27"]
[WhiteElo "1851"]
[BlackElo "1810"]
[PlyCount "166"]
[WhiteFideId "16227298"]
[BlackFideId "16224710"]
[EventCountry "GER"]
[EventRounds "9"]
[EventType "swiss"]
[EventDate "2022.06.04"]

1. e4 d5 2. exd5 Qxd5 3. Nf3 Bg4 4. Be2 Nf6 5. d4 e6 6. c4 Qa5+ 7. Nc3 Ne4 8.
O-O Nxc3 9. bxc3 Nd7 10. Qb3 b6 11. a3 Bf5 12. a4 Bd6 13. Ba3 c5 14. Rfe1 O-O
15. Qb5 Qxb5 16. axb5 a5 17. Nd2 Rac8 18. Bf3 Nb8 19. Ne4 Bxe4 20. Bxe4 Rfd8
21. d5 e5 22. Bc1 Rf8 23. g4 Rce8 24. Ra2 h6 25. h4 Re7 26. Rae2 Ra7 27. f3 Nd7
28. g5 hxg5 29. hxg5 g6 30. Rh2 Kg7 31. Kf2 Rh8 32. Rxh8 Kxh8 33. Be3 Ra8 34.
Bc2 Kg7 35. Kg3 Re8 36. Rh1 Rh8 37. Rxh8 Kxh8 38. f4 Kg7 39. f5 gxf5 40. Bxf5
Nf8 41. Bc2 Ng6 42. Kg4 Ne7 43. Bf2 Bc7 44. Bg3 Nc8 45. Kf3 f6 46. gxf6+ Kxf6
47. Bh4+ Kf7 48. Bg3 Ke7 49. Bh4+ Kf7 50. Bg3 Bb8 51. Bh4 Nd6 52. Bb3 a4 53.
Bxa4 e4+ 54. Ke2 Nxc4 55. Bd8 Ke8 56. Bb3 Na5 57. Bxb6 Nxb3 58. Ke3 c4 59. Kxe4
Ke7 60. Be3 Bc7 61. Bf2 Ba5 62. Be1 Kd6 63. Bg3+ Kc5 64. d6 Kxb5 65. Kd5 Nc5
66. Be5 Nd7 67. Bd4 Bd8 68. Ke6 Kc6 69. Ba7 Bf6 70. Be3 Bxc3 71. Bc1 Bd4 72.
Bd2 Bc5 73. Bc3 Bxd6 74. Kf5 Be5 75. Bd2 Kd5 76. Bb4 Bb2 77. Kf4 Kd4 78. Bd2
Kd3 79. Bb4 Nb6 80. Kf3 Nd5 81. Be1 Bc1 82. Bg3 c3 83. Kf2 Be3+ 0-1

[Event "ODJM A 2022"]
[Site "Willingen GER"]
[Date "2022.06.07"]
[Round "4"]
[White "Heß, Wadim"]
[Black "Seitz, Manuel"]
[Result "1/2-1/2"]
[Termination "normal"]
[Board "28"]
[WhiteElo "1374"]
[BlackElo "1794"]
[PlyCount "72"]
[WhiteFideId "16266129"]
[BlackFideId "16215770"]
[EventCountry "GER"]
[EventRounds "9"]
[EventType "swiss"]
[EventDate "2022.06.04"]

1. e4 e5 2. Nc3 Nc6 3. Bc4 Nf6 4. d3 Bc5 5. Bg5 h6 6. Bh4 Be7 7. Bg3 d6 8. f4
exf4 9. Bxf4 Ne5 10. Bb3 Ng6 11. Nge2 Be6 12. O-O Bxb3 13. axb3 O-O 14. Bg3 c6
15. Nd4 a6 16. Nf5 Qd7 17. Na4 Qd8 18. Qd2 Nh5 19. Nxe7+ Qxe7 20. Bf2 Nhf4 21.
Be3 Ne6 22. Nb6 Rad8 23. Rae1 Ne5 24. Nc4 Nxc4 25. bxc4 d5 26. exd5 cxd5 27.
cxd5 Rxd5 28. Qf2 Qd6 29. Qf3 Ng5 30. Bxg5 hxg5 31. Qe4 Qb6+ 32. Kh1 Rd6 33. b3
Re6 34. Qg4 Rxe1 35. Rxe1 Qf2 36. Qe2 Qc5 1/2-1/2

[Event "ODJM A 2022"]
[Site "Willingen GER"]
[Date "2022.06.07"]
[Round "4"]
[White "Poggemann, Alexander"]
[Black "Nguyen, Phuc Nhat"]
[Result "0-1"]
[Termination "normal"]
[Board "29"]
[WhiteElo "1829"]
[BlackElo "1839"]
[PlyCount "80"]
[WhiteFideId "16224167"]
[BlackFideId "16253590"]
[EventCountry "GER"]
[EventRounds "9"]
[EventType "swiss"]
[EventDate "2022.06.04"]

1. e4 e5 2. Nf3 Nc6 3. Bc4 Bc5 4. c3 Nf6 5. d4 exd4 6. e5 d5 7. Be2 Ne4 8. cxd4
Bb6 9. O-O O-O 10. Nc3 f5 11. exf6 Nxf6 12. Bg5 Ne7 13. Rc1 c6 14. Na4 Bc7 15.
Nc5 Ng6 16. Bd3 Nf4 17. Ne5 Nxd3 18. Qxd3 Qd6 19. f4 a5 20. Rf3 b6 21. Nb3 c5
22. Nd2 c4 23. Qc2 b5 24. b3 Bb6 25. Qb2 Bf5 26. Rff1 Ne4 27. Nxe4 dxe4 28.
Rcd1 Rfc8 29. bxc4 bxc4 30. Be7 Qxe7 31. Qxb6 Qb4 32. Qxb4 axb4 33. g4 e3 34.
Rde1 Bd3 35. Nxd3 cxd3 36. Rxe3 d2 37. Rd3 Rxa2 38. Rd1 Rc1 39. R3xd2 Rxd2 40.
Rxc1 b3 0-1